HIGH COURT CIVIL SUIT NO.024 OF 2009 Britania Allied Industries Ltd. Vs Aya Biscuits Ltd. (Record no. 6519)
[ view plain ]
| 000 -LEADER | |
|---|---|
| fixed length control field | 00330nam a22000977a 4500 |
| 008 - FIXED-LENGTH DATA ELEMENTS--GENERAL INFORMATION | |
| fixed length control field | 150622b xxu||||| |||| 00| 0 eng d |
| 010 ## - LIBRARY OF CONGRESS CONTROL NUMBER | |
| Field link and sequence number | HCCSF:98B |
| 245 ## - TITLE STATEMENT | |
| Title | HIGH COURT CIVIL SUIT NO.024 OF 2009 Britania Allied Industries Ltd. Vs Aya Biscuits Ltd. |
| 260 ## - PUBLICATION, DISTRIBUTION, ETC. (IMPRINT) | |
| Place of publication, distribution, etc | High Court Kampala |
| 500 ## - GENERAL NOTE | |
| Materials specified | BEFORE: Hon Justice Geoffrey Kirywabwire |
| Withdrawn status | Lost status | Source of classification or shelving scheme | Damaged status | Koha normalized classification for sorting | Not for loan | Koha collection | Location (home branch) | Sublocation or collection (holding branch) | Shelving location | Date acquired | Koha issues (times borrowed) | Koha full call number | Piece designation (barcode) | Koha date last seen | Price effective from | Koha item type | Public note |
|---|---|---|---|---|---|---|---|---|---|---|---|---|---|---|---|---|---|
| Dewey Decimal Classification | HCCSF_98B | Reference | Law Development Centre Main Library | Law Development Centre Main Library | Reference | 06/22/2015 | HCCSF:98B | 0832/2015 | 06/22/2015 | 06/22/2015 | Un Reported Cases | Judgement entered on 09/06/2012 |
